Regulation review project--the implementation of Executive Order 384--to reduce unnecessary regulatory burden : an interim report.
Saved in:
| Corporate Author: | |
|---|---|
| Format: | Book |
| Language: | English |
| Published: |
[Boston :
Commonwealth of Massachusetts, Executive Office for Administration and Finance,
1996]
|
| Subjects: | |
| Tags: |
Add Tag
No Tags, Be the first to tag this record!
|
| LEADER | 00968cam a2200265 a 4500 | ||
|---|---|---|---|
| 001 | 007726574-2 | ||
| 005 | 20020606104010.5 | ||
| 008 | 970227s1996 mauak s000 0 eng d | ||
| 010 | |a 97120585 | ||
| 035 | 0 | |a ocm37862819 | |
| 035 | 0 | |a ocm35912977 | |
| 040 | |a M |c M |d DLC | ||
| 042 | |a lccopycat | ||
| 043 | |a n-us-ma | ||
| 050 | 0 | 0 | |a KFM2841.D35 |b R44 1996 |
| 245 | 0 | 0 | |a Regulation review project--the implementation of Executive Order 384--to reduce unnecessary regulatory burden : |b an interim report. |
| 260 | |a [Boston : |b Commonwealth of Massachusetts, Executive Office for Administration and Finance, |c 1996] | ||
| 300 | |a 1 v. (various pagings) : |b ill., forms ; |c 28 cm. | ||
| 500 | |a Cover title. | ||
| 500 | |a "September 1996." | ||
| 650 | 0 | |a Administrative regulation drafting |z Massachusetts. | |
| 650 | 0 | |a Delegated legislation |z Massachusetts. | |
| 710 | 1 | |a Massachusetts. |b Executive Office for Administration and Finance. | |
| 988 | |a 20020608 | ||
| 906 | |0 OCLC | ||


